| 000 | 02448cam a2200517Ii 4500 | ||
|---|---|---|---|
| 001 | 562656 | ||
| 003 | OSt | ||
| 005 | 20250313133606.0 | ||
| 007 | Ost | ||
| 008 | 140102t20142014mau j 000 1 spa | ||
| 010 | _a 2013048624 | ||
| 020 | _a9781782850847 | ||
| 020 | _a1782850848 | ||
| 035 | _a(OCoLC)866930684 | ||
| 040 |
_dUtOrBLW _cUSA |
||
| 041 | 1 |
_aspa _heng |
|
| 049 | _aIFAA | ||
| 099 | _aESPANOL PICTURE BOOKS CURTIS 2014 | ||
| 100 | 1 |
_aCurtis, Carolyn, _d1958- _eauthor. |
|
| 240 | 1 | 0 |
_aI took the moon for a walk. _lSpanish |
| 245 | 1 | 0 |
_aLlevé a la luna a pasear / _cescrito por Carolyn Curtis ; ilustrado por Alison Jay ; traducido por María A. Pérez. |
| 264 | 1 |
_aCambridge, MA : _bBarefoot Books, _c2014. |
|
| 300 |
_a1 volume (unpaged) : _bcolor illustrations ; _c27 cm |
||
| 336 |
_atext _btxt _2rdacontent |
||
| 336 |
_astill image _bsti _2rdacontent |
||
| 337 |
_aunmediated _bn _2rdamedia |
||
| 338 |
_avolume _bnc _2rdacarrier |
||
| 500 | _aOriginally published in English in 2004 under title: I took the moon for a walk. | ||
| 520 | _aA boy and the moon share a walk through his neighborhood. | ||
| 520 | _a"Anoche llevé a la Luna a pascar. Me siguió como una cometa dispuesta a volar, aunque no vi cuerda de la que pudiera halar, cuando llevé a la Luna a pascar."--P.[4] of cover. | ||
| 650 | 0 |
_aStories in rhyme _vJuvenile literature. |
|
| 650 | 7 |
_aCuentos en rima _vLiteratura juvenil. _2bidex |
|
| 651 | 0 |
_aMoon _vJuvenile fiction. |
|
| 651 | 7 |
_aLuna _vNovela juvenil. _2bidex |
|
| 700 | 1 |
_aJay, Alison, _eillustrator. |
|
| 700 | 1 |
_aPérez, María, _etranslator. |
|
| 902 | _aBackstage 2015 | ||
| 942 | _cBK | ||
| 999 |
_c30898 _d30896 |
||
| 999 | _bESPANOL PICTURE BOOKS CURTIS 2014 | ||